000
00295nam a22001337a 4500
008
260105b ||||| |||| 00| 0 eng d
020
_a
9789951635554
041
_a
eng
080
_a
008
100
_a
24
101
_a
gaz
245
_a
Terrorizimi Kompjuterik
_c
Enver Buçaj
942
_2
lcc
_c
BK
999
_c
60745
_d
60745